Mainz 05: Alle Torschützen der 2010er - Statistiken

Allgemein
  • Dieses Quiz wurde 186 mal gespielt
  • Das Durchschnittsergebnis liegt bei 29 aus 65
Antwortstatistiken
Pos. Nat. Spieler % Korrekt
VER GER Stefan Bell
85%
ST HUN Adam Szalai
83%
ST EGY Mohamed Zidan
80%
MIT GER Andre Schürrle
79%
VER MKD Nikolce Noveski
77%
ST JAP Shinji Okazaki
77%
MIT RUM Alexandru Maxim
72%
ST FRA Jean-Philippe Mateta
72%
ST AUT Karim Onisiwo
72%
MIT GER Lewis Holtby
72%
MIT TUR Yunus Malli
72%
ST SWE Robin Quaison
68%
ST JAP Yoshinori Muto
68%
ST COL Jhon Cordoba
63%
MIT COL Elkin Soto
62%
ST NIG Anthony Ujah
60%
MIT AUT Julian Baumgartlinger
60%
ST CAM Eric-Maxim Choupo-Moting
59%
MIT ARG Pablo De Blasis
59%
VER GER Alexander Hack
58%
VER KOR Joo-Ho Park
57%
VER FRA Moussa Niakhate
56%
MIT KOR Ja Cheol Koo
55%
VER FRA Abdou Diallo
54%
MIT AUT Andreas Ivanschitz
53%
VER GER Niko Bungert
51%
ST GER Jonathan Burkardt
50%
MIT CIV Jean-Philippe Gbamin
47%
VER GER Daniel Brosinski
46%
MIT POL Eugen Polanski
46%
VER NED Jeremiah St. Juste
43%
MIT GER Johannes Geis
43%
ST TUN Sami Allagui
43%
MIT SUI Fabian Frei
42%
VER NIG Leon Balogun
42%
MIT CAM Pierre Kunde
42%
VER CZE Zdenek Pospech
42%
MIT NED Jean-Paul Boetius
41%
MIT GER Nicolai Müller
41%
MIT GER Danny Latza
40%
ST ESP Jairo Samperio
38%
VER CRI Junior Diaz
38%
MIT GER Levin Öztunali
38%
MIT GER Ridle Baku
35%
ST ESP Bojan Krkic
34%
MIT GER Suat Serdar
31%
ST CRO Ivan Klasnic
30%
MIT SUI Edimilson Fernandes
28%
ST NIG Taiwo Awoniyi
28%
VER FRA Gaetan Bussmann
26%
MIT DEN Niki Zimling
23%
MIT GER Christoph Moritz
22%
ST GER Scott Parker
22%
ST DEN Emil Berggreen
21%
MIT GER Jonas Hofmann
20%
VER GER Marco Caligiuri
20%
ST CRO Petar Sliskovic
20%
ST DEN Morten Rasmussen
17%
MIT GER Christian Clemens
16%
MIT GER Florian Heller
14%
MIT GER Marcel Risse
13%
ST GER Aaron Seydel
11%
VER GER Benedikt Saller
11%
MIT GER Gerrit Holtmann
11%
ST GER Chinedu Ede
7%
Keine übereinstimmenden Quizze gefunden
Verteilung der Resultate
Anzahl Personen mit jedem Resultat
Perzentil nach korrekt beantworteten Fragen
Ihre Resultats-Entwicklung
Sie haben dieses Quiz noch nicht gespielt